Calculus / (Record no. 217993)
[ view plain ]
| 000 -LEADER | |
|---|---|
| fixed length control field | 00538 a2200193 4500 |
| 003 - CONTROL NUMBER IDENTIFIER | |
| control field | Nust |
| 005 - DATE AND TIME OF LATEST TRANSACTION | |
| control field | 20251008171853.0 |
| 010 ## - LIBRARY OF CONGRESS CONTROL NUMBER | |
| LC control number | 79017703 |
| 020 ## - INTERNATIONAL STANDARD BOOK NUMBER | |
| International Standard Book Number | 0805369309 : |
| 040 ## - CATALOGING SOURCE | |
| Transcribing agency | Nust |
| 082 00 - DEWEY DECIMAL CLASSIFICATION NUMBER | |
| Classification number | 515,MAR |
| 100 1# - MAIN ENTRY--PERSONAL NAME | |
| Personal name | Marsden, Jerrold E. |
| 9 (RLIN) | 52081 |
| 245 10 - TITLE STATEMENT | |
| Title | Calculus / |
| Statement of responsibility, etc. | Jerrold Marsden, Alan Weinstein. |
| 260 ## - PUBLICATION, DISTRIBUTION, ETC. | |
| Place of publication, distribution, etc. | Menlo Park, Calif. : |
| Name of publisher, distributor, etc. | Benjamin/Cummings Pub. Co., |
| Date of publication, distribution, etc. | c1980. |
| 300 ## - PHYSICAL DESCRIPTION | |
| Extent | xxvii, 837, [175] p. : |
| Other physical details | ill. ; |
| Dimensions | 29 cm. |
| 650 #0 - SUBJECT ADDED ENTRY--TOPICAL TERM | |
| Topical term or geographic name entry element | Calculus. |
| 700 1# - ADDED ENTRY--PERSONAL NAME | |
| Personal name | Weinstein, Alan, |
| Dates associated with a name | 1943- |
| 9 (RLIN) | 131029 |
| 942 ## - ADDED ENTRY ELEMENTS (KOHA) | |
| Source of classification or shelving scheme | |
| Koha item type | Book |
| Withdrawn status | Lost status | Source of classification or shelving scheme | Damaged status | Not for loan | Permanent Location | Current Location | Shelving location | Date acquired | Full call number | Barcode | Date last seen | Price effective from | Koha item type | Public note |
|---|---|---|---|---|---|---|---|---|---|---|---|---|---|---|
| Military College of Signals (MCS) | Military College of Signals (MCS) | General Stacks | 12/12/2016 | 515,MAR | MCS7501 | 12/08/2016 | 12/12/2016 | Book | Almirah No.76, Shelf No.2 |
